Plan de manejo comunitario del humedal "Los Platillos" medio Atrato, Antioquia-Chocó : (Registro nro. 3210)

Detalles MARC
000 -CABECERA
Campo de control 00968nam a2200265 a 4500
005 - FECHA Y HORA DE LA ULTIMA TRANSACCION
Campo de control 20191224041701.0
008 - ELEMENTOS DE LONGITUD FIJA—INFORMACION GENERAL
Campo de control 140310b2002 ck ||||| |||| 00| 0 spa d
040 ## - FUENTE DE CATALOGACIÓN
Agencia catalogadora original CO-BoIAVH
Agencia transcriptora CO-BoIAVH
041 ## - IDIOMA
Código de idioma para texto/pista de sonido o título separado Español
044 ## - PAÍS DE PUBLICACIÓN
País de publicación Colombia
090 ## - CLASIFICACIÓN LOCAL
Colección FG-
Consecutivo 0221
100 1# - ASIENTO PRINCIPAL--NOMBRE PERSONAL
Nombre personal Duque, Verónica
9 (RLIN) 18948
245 10 - MENCION DE TITULO
Título Plan de manejo comunitario del humedal "Los Platillos" medio Atrato, Antioquia-Chocó :
Parte restante del título Lineamientos generales para su formulación
260 ## - PUBLICACION, DISTRIBUCION, ETC. (PIE DE IMPRENTA)
Lugar de publicación, distribución, etc. Medellín:
Nombre del editor, distribuidor, etc. Fundación Espavé.
-- IUCN;
Fecha de publicación, distribución, etc. 2002.
300 ## - DESCRIPCION FISICA
Extensión folleto;
Otros detalles físicos ilustraciones a color,
Dimensiones 16 x 22 cm
650 ## - ASIENTO SECUNDARIO DE MATERIA - TERMINO TEMATICO
Término temático o nombre geográfico como elemento de entrada Manejo de ecosistemas
9 (RLIN) 92251
650 ## - ASIENTO SECUNDARIO DE MATERIA - TERMINO TEMATICO
Término temático o nombre geográfico como elemento de entrada Humedales
9 (RLIN) 90347
650 ## - ASIENTO SECUNDARIO DE MATERIA - TERMINO TEMATICO
Término temático o nombre geográfico como elemento de entrada Planes de manejo comunitarios
9 (RLIN) 18951
650 ## - ASIENTO SECUNDARIO DE MATERIA - TERMINO TEMATICO
Término temático o nombre geográfico como elemento de entrada Participación comunitaria
9 (RLIN) 90348
650 ## - ASIENTO SECUNDARIO DE MATERIA - TERMINO TEMATICO
Término temático o nombre geográfico como elemento de entrada Manuales metodológicos
9 (RLIN) 4712
662 ## - ASIENTO SECUNDARIO DE MATERIA - JERARQUIA DEL NOMBRE DE LUGAR(
País o entidad mayor Colombia
Jurisdicción política intermedia Humedal Los Platanillos
Jurisdicción política de primer orden Antioquia y Chocó
700 1# - ASIENTO SECUNDARIO - NOMBRE PERSONAL
Nombre personal Gómez, José Antonio
9 (RLIN) 2326
700 1# - ASIENTO SECUNDARIO - NOMBRE PERSONAL
Nombre personal Palacios, Nemecio Eloy
9 (RLIN) 18952
942 ## - ELEMENTOS ADICIONALES (KOHA)
Tipo de ítem Folleto
Sistema de clasificación Local
Existencias
Withdrawn status Lost status Sistema de Clasificación Damaged status No para préstamo Colección Ubicación Permanente Ubicación actual Fecha de adquisición Total Checkouts Número topográfico Inventario / Código de Barras Date last seen Ejemplar Price effective from Forma de adquisición Tipo de material
    Local     Hemeroteca Bogotá Bogotá 08/04/2003   FG-0221 003473 04/12/2012 Ej. 1 04/12/2012 Donación Folleto